| 000 | 00586nam a22001817a 4500 | ||
|---|---|---|---|
| 999 |
_c184049 _d184049 |
||
| 005 | 20220112112510.0 | ||
| 010 | _aENG-131072 | ||
| 020 |
_a978-93-52-838-295 _c410.00 |
||
| 035 | _aEN-114604 | ||
| 037 | _bDBAD | ||
| 082 | _a004 | ||
| 100 | _aMehrotra, Dheeraj | ||
| 245 |
_aICSE COMPUTER APPLICATIONS: _cDheeraj Mehrotra _bWith Blue J Based Java Programming/ |
||
| 260 |
_aNew Delhi _bS Chand School Books _c2013 |
||
| 270 |
_bNew Delhi _aA-27, 2nd Floor, Mohan Co-operative Industrial Estate _e110044 |
||
| 300 |
_a406p. _c27cm(pbk) |
||
| 942 |
_2ddc _cEN _h004 _mMEH |
||